[Event "?"]
[Site "ICS Rated blitz match, 192.23"]
[Date "1997.??.??"]
[Round "?"]
[White "Brause"]
[Black "Dorobanov"]
[Result "1/2-1/2"]
[WhiteElo "2570"]
[BlackElo "2405"]
[PlyCount "71"]

1. e4 e5 2. Nf3 Nc6 3. Nc3 Nf6 4. Nxe5 Nxe5 5. d4 Ng6 6. e5 Ng8 7. Bc4 d5 8.
Bxd5 c6 9. Bf3 Bb4 10. O-O Bxc3 11. bxc3 Be6 12. g4 N8e7 13. Qd3 Qd7 14. h3 Bd5
15. Bxd5 cxd5 16. f4 h5 17. f5 hxg4 18. fxg6 Nxg6 19. e6 Qxe6 20. Qb5+ Qc6 21.
Qxc6+ bxc6 22. Re1+ Kd7 23. hxg4 Rh4 24. g5 Rah8 25. Rb1 Rh1+ 26. Kf2 R8h2+ 27.
Kg3 Rxe1 28. Kxh2 Ke6 29. Kg3 Kf5 30. Kf2 Rd1 31. Ke2 Rh1 32. Kd2 Rh2+ 33. Kd3
Rh1 34. Kd2 Rh2+ 35. Kd1 Rh1+ 36. Kd2 1/2-1/2

[Event "?"]
[Site "ICS Rated blitz match, 192.23"]
[Date "1997.??.??"]
[Round "?"]
[White "Brause"]
[Black "Dorobanov"]
[Result "1/2-1/2"]
[WhiteElo "2540"]
[BlackElo "2410"]
[PlyCount "146"]

1. e4 e5 2. Nf3 Nc6 3. Nc3 Nf6 4. Nxe5 Nxe5 5. d4 Ng6 6. e5 Ng8 7. Bc4 d5 8.
Bxd5 c6 9. Bf3 Bb4 10. O-O Bxc3 11. bxc3 Be6 12. g4 Qd7 13. Be2 f5 14. gxf5
Bxf5 15. Be3 N8e7 16. Re1 O-O 17. Bd3 Bg4 18. Be2 Bxe2 19. Qxe2 Qh3 20. Qf1
Qg4+ 21. Qg2 Qxg2+ 22. Kxg2 Nh4+ 23. Kh3 Nhf5 24. Rab1 b6 25. Bg5 Kf7 26. e6+
Kg8 27. Kg2 h6 28. Bxe7 Nxe7 29. Rb3 Rac8 30. Re2 Rc7 31. Re5 Nd5 32. c4 Nf4+
33. Kg3 Ng6 34. Re4 Rd8 35. Rc3 Kf8 36. c5 b5 37. Rg4 Ne7 38. Rf3+ Kg8 39. Rf7
g6 40. Kf3 h5 41. Rxg6+ Nxg6 42. Rxc7 Rxd4 43. Ke3 Rd5 44. Rc8+ Kg7 45. Rxc6
Kf6 46. e7+ Kxe7 47. Rxg6 Rxc5 48. Rg7+ Kf6 49. Rxa7 Rxc2 50. Rb7 Rc5 51. f4
Kf5 52. Kd4 Rc4+ 53. Kd3 Kxf4 54. Rxb5 Ra4 55. Rb2 Ra3+ 56. Kc4 h4 57. Rc2 h3
58. Kb4 Rf3 59. a4 Rf1 60. a5 Kf3 61. a6 Ra1 62. Rc3+ Kg2 63. Ra3 Rxa3 64. Kxa3
Kxh2 65. a7 Kg1 66. a8=Q h2 67. Qg8+ Kh1 68. Qd5+ Kg1 69. Qd1+ Kg2 70. Qc2+ Kg1
71. Qb1+ Kg2 72. Qb7+ Kg1 73. Qa7+ Kg2 1/2-1/2

[Event "?"]
[Site "ICS Rated blitz match, 192.23"]
[Date "1997.??.??"]
[Round "?"]
[White "Brause"]
[Black "Aagaard"]
[Result "1-0"]
[WhiteElo "2525"]
[BlackElo "2405"]
[PlyCount "27"]

1. e4 e5 2. Nf3 Nc6 3. Nc3 Nf6 4. Nxe5 Nxe5 5. d4 Nc6 6. d5 Nb8 7. e5 Ng8 8. d6
c6 9. Bc4 g6 10. Qf3 f6 11. exf6 Qxf6 12. Qe2+ Kd8 13. Ne4 Qg7 14. Bg5+ 1-0

[Event "?"]
[Site "ICS Rated blitz match, 192.23"]
[Date "1997.??.??"]
[Round "?"]
[White "Brause"]
[Black "Dorobanov"]
[Result "1-0"]
[WhiteElo "2535"]
[BlackElo "2420"]
[PlyCount "109"]

1. e4 e5 2. Nf3 Nc6 3. Nc3 Nf6 4. Nxe5 Nxe5 5. d4 Ng6 6. e5 Ng8 7. Bc4 d5 8.
Bxd5 c6 9. Bf3 Be6 10. O-O Bb4 11. Ne2 Bd5 12. Bxd5 Qxd5 13. c3 Ba5 14. Bd2 Bc7
15. Qc2 N8e7 16. c4 Qe6 17. Rad1 O-O 18. Qb3 b6 19. Bg5 c5 20. Bxe7 Qxe7 21. f4
cxd4 22. Nxd4 Qc5 23. Qb5 a6 24. Qxc5 bxc5 25. Nc6 Rfe8 26. Rd7 Bd8 27. Rfd1
Nxf4 28. Nxd8 Rxe5 29. R1d2 Ne2+ 30. Kf1 Nd4 31. Nb7 Ne6 32. R2d5 Re4 33. b3
Rc8 34. Nxc5 Nxc5 35. Rd8+ Re8 36. Rxe8+ Rxe8 37. Rxc5 Kf8 38. Kf2 Re6 39. Rc7
g5 40. c5 Kg7 41. g4 Kg6 42. Rb7 Re5 43. c6 Rc5 44. c7 f5 45. Rb6+ Kg7 46. Rxa6
fxg4 47. Ra7 Kg6 48. Ke3 h5 49. b4 Rc1 50. b5 h4 51. b6 g3 52. hxg3 hxg3 53.
Kf3 Rc3+ 54. Kg2 Kh5 55. b7 1-0

[Event "?"]
[Site "ICS Rated blitz match, 192.23"]
[Date "1997.??.??"]
[Round "?"]
[White "Brause"]
[Black "Dorobanov"]
[Result "1-0"]
[WhiteElo "2545"]
[BlackElo "2405"]
[PlyCount "63"]

1. e4 e5 2. Nf3 Nc6 3. Nc3 Nf6 4. Nxe5 Nxe5 5. d4 Ng6 6. e5 Ng8 7. Bc4 d5 8.
Bxd5 c6 9. Bf3 Bb4 10. O-O Bxc3 11. bxc3 Be6 12. g4 Qd7 13. Be2 N8e7 14. f4 Bd5
15. f5 Nf8 16. c4 Be4 17. Rf4 Bxf5 18. gxf5 Nxf5 19. Bg4 g6 20. c3 h5 21. Bxf5
gxf5 22. Qd3 Rg8+ 23. Kh1 Ne6 24. Rxf5 O-O-O 25. Rxh5 Nxd4 26. cxd4 Qg4 27.
Qf5+ Qxf5 28. Rxf5 Rxd4 29. Be3 Rxc4 30. Rxf7 Rc2 31. Rf2 Re8 32. Rxc2 1-0

[Event "?"]
[Site "ICS Rated blitz match, 192.23"]
[Date "1997.??.??"]
[Round "?"]
[White "Brause"]
[Black "Dorobanov"]
[Result "1-0"]
[WhiteElo "2555"]
[BlackElo "2395"]
[PlyCount "60"]

1. e4 e5 2. Nf3 Nc6 3. Nc3 Nf6 4. Nxe5 Nxe5 5. d4 Ng6 6. e5 Ng8 7. Bc4 d5 8.
Bxd5 c6 9. Bf3 Bb4 10. O-O Bxc3 11. bxc3 f5 12. Ba3 N8e7 13. Qb1 O-O 14. Qb3+
Kh8 15. Bd6 Qd7 16. Rab1 b6 17. c4 Bb7 18. c5 b5 19. Rbe1 Bc8 20. a4 a6 21.
axb5 axb5 22. Ra1 Rxa1 23. Rxa1 Qe6 24. Ra8 Qxb3 25. cxb3 Re8 26. h4 h5 27.
Bxh5 Kh7 28. Bxe7 Rxe7 29. Bxg6+ Kxg6 30. Rxc8 Rd7 1-0

[Event "?"]
[Site "ICS Rated blitz match, 192.23"]
[Date "1997.??.??"]
[Round "?"]
[White "Brause"]
[Black "Dorobanov"]
[Result "0-1"]
[WhiteElo "2580"]
[BlackElo "2370"]
[PlyCount "278"]

1. e4 e5 2. Nf3 Nc6 3. Nc3 Nf6 4. Nxe5 Nxe5 5. d4 Ng6 6. e5 Ng8 7. Bc4 d5 8.
Bxd5 c6 9. Bf3 Bb4 10. O-O Be6 11. Ne2 Qd7 12. c3 Ba5 13. Nf4 Nxf4 14. Bxf4 Ne7
15. Bg5 O-O 16. Qd3 Bd5 17. Bxe7 Qxe7 18. Bxd5 cxd5 19. Qb5 Bd8 20. Qxd5 Rb8
21. Rfe1 Qe6 22. Qxe6 fxe6 23. Rad1 Bb6 24. f3 Rfd8 25. Kf2 Kf7 26. Ke3 Rbc8
27. Rd3 g6 28. Ke4 Rc7 29. b3 Rcd7 30. b4 a6 31. a4 Ba7 32. a5 Rc7 33. h4 Rc4
34. f4 h5 35. Ree3 Rdc8 36. Kf3 Bb8 37. Kf2 Bc7 38. Rf3 Bd8 39. Rh3 Be7 40. Ke2
Ke8 41. Rde3 Kd7 42. Reg3 Rg8 43. Kd3 Rgc8 44. Ke4 Rg8 45. Re3 Kc6 46. Rd3 Kb5
47. Rdg3 Ka4 48. Kd3 Kb3 49. Ke2 Kc2 50. Rd3 Rgc8 51. Rhg3 Rg8 52. Rge3 Rgc8
53. Rd2+ Kb3 54. Rg3 Rg8 55. Rdd3 Ka4 56. Rh3 Kb5 57. Rh1 Kc6 58. Kd2 Kd5 59.
Rhh3 Rf8 60. Ke3 Rfc8 61. Kf2 Ke4 62. Rdf3 Rf8 63. Kg3 Rfc8 64. Kh2 Rf8 65.
Re3+ Kd5 66. Kg3 Rfc8 67. Kf2 Rb8 68. Ref3 Rbc8 69. Ke2 Rf8 70. Ke1 Rfc8 71.
Kf2 Ke4 72. Ke2 Kd5 73. Rfg3 Rg8 74. Kd2 Ke4 75. Re3+ Kf5 76. g3 Rgc8 77. b5
axb5 78. d5 exd5 79. Rd3 Ke6 80. Rh1 Ra4 81. Rb1 Rxa5 82. Ke2 Rc4 83. Kf3 b4
84. cxb4 Rxb4 85. Rbd1 Rbb5 86. g4 hxg4+ 87. Kxg4 Rc5 88. h5 gxh5+ 89. Kxh5 Kf5
90. Rd4 Rc4 91. Rxd5 Rxd5 92. Rxd5 b6 93. Rd7 Bc5 94. Rf7+ Ke4 95. e6 Kd5 96.
f5 Rf4 97. e7 Bxe7 98. Rxe7 Rxf5+ 99. Kg6 Re5 100. Rb7 Kc5 101. Kf6 Re1 102.
Rc7+ Kb4 103. Kf5 b5 104. Rc8 Kb3 105. Rb8 b4 106. Rg8 Kb2 107. Rg2+ Kb1 108.
Rg3 Ka2 109. Rg2+ Ka3 110. Rg7 b3 111. Ra7+ Kb2 112. Rb7 Ka2 113. Ra7+ Kb1 114.
Rb7 b2 115. Rc7 Rc1 116. Rb7 Rc2 117. Rh7 Kc1 118. Rh1+ Kd2 119. Rb1 Kc3 120.
Ke5 Rc1 121. Rxb2 Kxb2 122. Ke4 Rd1 123. Ke5 Kc3 124. Ke4 Rd3 125. Ke5 Rd4 126.
Ke6 Kc4 127. Ke5 Kc5 128. Kf6 Kd5 129. Kf5 Re4 130. Kf6 Re5 131. Kf7 Kd6 132.
Kf6 Rc5 133. Kg7 Ke7 134. Kg6 Rd5 135. Kg7 Rg5+ 136. Kh6 Kf6 137. Kh7 Rg3 138.
Kh8 Kf7 139. Kh7 Rh3# 0-1

[Event "?"]
[Site "ICS Rated blitz match, 192.23"]
[Date "1997.??.??"]
[Round "?"]
[White "Brause"]
[Black "evbad"]
[Result "0-1"]
[WhiteElo "2570"]
[BlackElo "2315"]
[PlyCount "72"]

1. e4 e5 2. Nf3 Nc6 3. Nc3 Nf6 4. Nxe5 Nxe5 5. d4 Ng6 6. e5 Ng8 7. Bc4 d5 8.
Bxd5 c6 9. Bf3 Bb4 10. O-O Bxc3 11. bxc3 Be6 12. g4 N8e7 13. Qd3 Bd5 14. Ba3
Bxf3 15. Qxf3 Qd5 16. Qg3 h5 17. Bxe7 Nxe7 18. gxh5 Rxh5 19. f3 Rh6 20. Kh1
O-O-O 21. Qxg7 Rg6 22. Qh7 Rdg8 23. Qh3+ Qe6 24. Qxe6+ fxe6 25. f4 Nf5 26. Rg1
Rxg1+ 27. Rxg1 Rxg1+ 28. Kxg1 Kd7 29. Kf2 c5 30. dxc5 Kc6 31. Ke2 Kxc5 32. Kd3
b5 33. a3 a5 34. Ke2 Kc4 35. Kd2 a4 36. h3 Nh4 0-1

[Event "?"]
[Site "ICS Rated blitz match, 192.23"]
[Date "1997.??.??"]
[Round "?"]
[White "Brause"]
[Black "oldtimer"]
[Result "1-0"]
[WhiteElo "2545"]
[BlackElo "2595"]
[PlyCount "69"]

1. e4 e5 2. Nf3 Nc6 3. Nc3 Nf6 4. Nxe5 Nxe5 5. d4 Ng6 6. e5 Ng8 7. Bc4 d5 8.
Bxd5 c6 9. Bf3 Bb4 10. O-O Bxc3 11. bxc3 Be6 12. g4 N8e7 13. Bg5 h6 14. Bd2 Nh4
15. Be4 Qd7 16. f3 g5 17. Qe2 O-O-O 18. Qd3 Nhg6 19. a4 h5 20. Bxg5 hxg4 21.
fxg4 Bxg4 22. Rxf7 Qe6 23. Rf6 Qg8 24. Bxg6 Nxg6 25. Rxg6 Qh7 26. Rh6 Qxh6 27.
Bxh6 Rxh6 28. Rf1 Rg8 29. Kh1 Rh3 30. Qc4 Rgh8 31. Rf2 Bf3+ 32. Kg1 Bd5 33. Qb4
Rg8+ 34. Kf1 Rhh8 35. c4 1-0

[Event "?"]
[Site "ICS Rated blitz match, 192.23"]
[Date "1997.??.??"]
[Round "?"]
[White "Brause"]
[Black "oldtimer"]
[Result "1-0"]
[WhiteElo "2565"]
[BlackElo "2575"]
[PlyCount "91"]

1. e4 e5 2. Nf3 Nc6 3. Nc3 Nf6 4. Nxe5 Nxe5 5. d4 Ng6 6. e5 Ng8 7. Bc4 d5 8.
Bxd5 c6 9. Bf3 Bb4 10. O-O Bxc3 11. bxc3 Be6 12. g4 N8e7 13. Bg5 h6 14. Bd2 Nh4
15. Be4 g5 16. Kh1 Qd7 17. Rg1 O-O-O 18. Qe2 Bd5 19. Bc1 Qe6 20. Ba3 Bxe4+ 21.
Qxe4 f6 22. Bc5 Kb8 23. Rae1 fxe5 24. Qxe5+ Qxe5 25. Rxe5 Nc8 26. Rg3 Ng6 27.
Rf5 b6 28. Ba3 Rhe8 29. Rf6 Nf4 30. Re3 Rxe3 31. fxe3 Nd5 32. Rxh6 Nxe3 33. Bc1
Nxg4 34. Rg6 Nf2+ 35. Kg2 Ne4 36. Bxg5 Rd6 37. Bf4 Kb7 38. Bxd6 Nexd6 39. Rg7+
Ka6 40. Rc7 Kb5 41. h4 Nf5 42. Rxc8 Nxh4+ 43. Kf2 Nf5 44. a4+ Kxa4 45. Rxc6 Kb5
46. d5 1-0

[Event "?"]
[Site "ICS Rated blitz match, 192.23"]
[Date "1997.??.??"]
[Round "?"]
[White "Brause"]
[Black "oldtimer"]
[Result "1-0"]
[WhiteElo "2585"]
[BlackElo "2560"]
[PlyCount "87"]

1. e4 e5 2. Nf3 Nc6 3. Nc3 Nf6 4. Nxe5 Nxe5 5. d4 Ng6 6. e5 Ng8 7. Bc4 d5 8.
Bxd5 c6 9. Bf3 Bb4 10. O-O Bxc3 11. bxc3 Be6 12. g4 N8e7 13. Bg5 h6 14. Bd2 Nh4
15. Be4 Qd7 16. f3 g5 17. Be1 Nhg6 18. Bg3 O-O-O 19. Qc1 Nd5 20. Qa3 Kb8 21.
Qc5 Qe7 22. Qxe7 Ndxe7 23. a4 Ka8 24. a5 Bc4 25. Rf2 Nd5 26. Bxg6 fxg6 27. Ra4
Bb5 28. Ra3 Rhf8 29. h4 Nf4 30. Bxf4 Rxf4 31. hxg5 hxg5 32. Kg2 Rdf8 33. Ra1
Bc4 34. Kg3 Bd5 35. Raf1 Kb8 36. c4 Bxc4 37. Rd1 Bd5 38. Rd3 Kc7 39. c3 Kd7 40.
Re3 Ke6 41. Rd3 b6 42. axb6 axb6 43. Re3 b5 44. Rd3 1-0

[Event "?"]
[Site "ICS Rated blitz match, 192.23"]
[Date "1997.??.??"]
[Round "?"]
[White "Brause"]
[Black "oldtimer"]
[Result "1-0"]
[WhiteElo "2600"]
[BlackElo "2545"]
[PlyCount "79"]

1. e4 e5 2. Nf3 Nc6 3. Nc3 Nf6 4. Nxe5 Nxe5 5. d4 Ng6 6. e5 Ng8 7. Bc4 d5 8.
Bxd5 c6 9. Bf3 Bb4 10. O-O Bxc3 11. bxc3 Be6 12. Bh5 f5 13. Qd3 b5 14. Bxg6+
hxg6 15. Qg3 Kf7 16. Bg5 Qc8 17. Qe3 Ne7 18. Bxe7 Kxe7 19. Rfd1 Qd7 20. a3 Kf7
21. Rd3 Bc4 22. Rd2 Qe7 23. a4 a6 24. axb5 axb5 25. Rdd1 Ra4 26. Rdb1 Rha8 27.
Rxa4 bxa4 28. Qf3 Bd5 29. Qd3 Qe6 30. Ra1 a3 31. Qe3 a2 32. h3 Qe7 33. g4 Kg8
34. Qd3 Rb8 35. Qf1 Qa3 36. c4 Be4 37. Re1 Qc3 38. gxf5 gxf5 39. Kh2 Qf3 40.
Rxe4 1-0

[Event "?"]
[Site "ICS Rated blitz match, 192.23"]
[Date "1997.??.??"]
[Round "?"]
[White "Brause"]
[Black "Dorobanov"]
[Result "1-0"]
[WhiteElo "2635"]
[BlackElo "2430"]
[PlyCount "39"]

1. e4 e5 2. Nf3 Nc6 3. Nc3 Nf6 4. Nxe5 Nxe5 5. d4 Ng6 6. e5 Ng8 7. Bc4 d5 8.
Bxd5 c6 9. Bf3 Bb4 10. O-O Bxc3 11. bxc3 Be6 12. g4 Qd7 13. Be2 f5 14. gxf5
Bxf5 15. Re1 N8e7 16. Ba3 O-O 17. Bc4+ Be6 18. Qg4 Kf7 19. Re3 Nf5 20. Qxf5+
1-0

[Event "?"]
[Site "ICS Rated blitz match, 192.23"]
[Date "1997.??.??"]
[Round "?"]
[White "Brause"]
[Black "Dorobanov"]
[Result "1-0"]
[WhiteElo "2645"]
[BlackElo "2425"]
[PlyCount "29"]

1. e4 e5 2. Nf3 Nc6 3. Nc3 Nf6 4. Nxe5 Nxe5 5. d4 Ng6 6. e5 Ng8 7. Bc4 Bb4 8.
Qf3 Bxc3+ 9. bxc3 Qe7 10. O-O f6 11. exf6 Qxf6 12. Qh5 N8e7 13. Bg5 Qf5 14.
Rae1 Kf8 15. Rxe7 1-0

[Event "?"]
[Site "ICS Rated blitz match, 192.23"]
[Date "1997.??.??"]
[Round "?"]
[White "Brause"]
[Black "Dorobanov"]
[Result "0-1"]
[WhiteElo "2650"]
[BlackElo "2415"]
[PlyCount "128"]

1. e4 e5 2. Nf3 Nc6 3. Nc3 Nf6 4. Nxe5 Nxe5 5. d4 Ng6 6. e5 Ng8 7. Bc4 d5 8.
Bxd5 c6 9. Bf3 Bb4 10. O-O Bxc3 11. bxc3 Be6 12. g4 Qd7 13. Be2 f5 14. gxf5
Bxf5 15. Bg5 N8e7 16. Bf3 O-O 17. Bg2 Bh3 18. Bxh3 Qxh3 19. Qd3 Qh5 20. Bxe7
Nxe7 21. Rab1 b6 22. Kh1 Rf3 23. Qc4+ Kh8 24. Qe2 Raf8 25. Rb3 Qh4 26. Kg2 Nd5
27. Qxf3 Rxf3 28. Kxf3 Qh5+ 29. Kg3 Qg5+ 30. Kf3 Qh5+ 31. Kg3 g5 32. h3 Qh4+
33. Kh2 Nf4 34. c4 g4 35. c5 Nxh3 36. cxb6 Nf4+ 37. Kg1 Nh3+ 38. Kh2 Ng5+ 39.
Kg2 axb6 40. Rd1 Ne6 41. Kg1 Nf4 42. Rd2 h5 43. c4 Qg5 44. Kf1 h4 45. Rxb6 h3
46. Rb8+ Kg7 47. Rdb2 Ng6 48. R2b7+ Kh6 49. Rb1 Qf4 50. R8b3 Qxd4 51. Re3 Qxc4+
52. Kg1 Nf4 53. Kh2 Qd5 54. Rg1 Kh5 55. a4 Ne6 56. Reg3 Qxe5 57. Kh1 Qe4+ 58.
f3 Qxa4 59. Rxg4 Qc2 60. Re4 Ng5 61. Re5 Qd2 62. Rgxg5+ Qxg5 63. f4 Qxe5 64.
fxe5 Kg6 0-1

[Event "?"]
[Site "ICS Rated blitz match, 192.23"]
[Date "1997.??.??"]
[Round "?"]
[White "Brause"]
[Black "Dorobanov"]
[Result "1-0"]
[WhiteElo "2625"]
[BlackElo "2440"]
[PlyCount "79"]

1. e4 e5 2. Nf3 Nc6 3. Nc3 Nf6 4. Nxe5 Nxe5 5. d4 Ng6 6. e5 Ng8 7. Bc4 d5 8.
Bxd5 c6 9. Bf3 Bb4 10. O-O Bxc3 11. bxc3 Be6 12. Bh5 f5 13. Qf3 N8e7 14. Ba3
O-O 15. Bxg6 hxg6 16. Qg3 Kf7 17. Bd6 Rh8 18. Rfb1 b6 19. Qf3 Bd5 20. Qd1 Nc8
21. c4 Bxc4 22. Ba3 Qh4 23. h3 Bd5 24. f3 Qg3 25. c4 Bxc4 26. Qa4 Bd5 27. Qa6
Bxf3 28. Qb7+ Kg8 29. Rb2 Rxh3 30. Rf1 Qh2+ 31. Kf2 Qxg2+ 32. Ke1 c5 33. Qd7
Qg3+ 34. Rbf2 Be4 35. Bb2 Kh7 36. dxc5 Qe3+ 37. Re2 Qxc5 38. Rxe4 fxe4 39.
Qxh3+ Kg8 40. Qe6+ 1-0

[Event "?"]
[Site "ICS Rated blitz match, 192.23"]
[Date "1997.??.??"]
[Round "?"]
[White "Brause"]
[Black "Dorobanov"]
[Result "0-1"]
[WhiteElo "2640"]
[BlackElo "2425"]
[PlyCount "121"]

1. e4 e5 2. Nf3 Nc6 3. Nc3 Nf6 4. Nxe5 Nxe5 5. d4 Ng6 6. e5 Ng8 7. Bc4 d5 8.
Bxd5 c6 9. Bf3 Bb4 10. O-O Bxc3 11. bxc3 Be6 12. Bh5 N8e7 13. Bg5 O-O 14. Bxg6
hxg6 15. Qd3 Qd7 16. c4 f6 17. exf6 gxf6 18. Bh6 Rf7 19. Rae1 Nf5 20. Be3 Kg7
21. Re2 Rh8 22. Rfe1 Qd6 23. h3 Nxe3 24. Rxe3 Bf5 25. Qd2 Rd8 26. g4 Bc8 27. c3
Rdd7 28. Re8 Rd8 29. c5 Qc7 30. R8e2 Rdd7 31. Qb2 Rde7 32. Qa3 a6 33. Qc1 Rxe2
34. Rxe2 Re7 35. Qe1 Kf7 36. Rxe7+ Qxe7 37. Qxe7+ Kxe7 38. Kg2 g5 39. Kg3 Kf7
40. h4 Be6 41. a3 gxh4+ 42. Kxh4 Kg6 43. f3 f5 44. g5 f4 45. a4 a5 46. c4 Bxc4
47. Kg4 Bb3 48. Kxf4 Bxa4 49. Ke5 Bc2 50. d5 cxd5 51. Kxd5 Bd1 52. f4 Kf5 53.
Kc4 a4 54. Kb4 Bb3 55. Ka3 Kxf4 56. g6 Ke5 57. g7 Kd4 58. Kb4 Bc4 59. Kxa4 Kxc5
60. Ka3 b5 61. Kb2 0-1

[Event "?"]
[Site "ICS Rated blitz match, 192.23"]
[Date "1997.??.??"]
[Round "?"]
[White "Brause"]
[Black "Dorobanov"]
[Result "1-0"]
[WhiteElo "2615"]
[BlackElo "2450"]
[PlyCount "87"]

1. e4 e5 2. Nf3 Nc6 3. Nc3 Nf6 4. Nxe5 Nxe5 5. d4 Ng6 6. e5 Ng8 7. Bc4 d5 8.
Bxd5 c6 9. Bf3 Bb4 10. O-O Bxc3 11. bxc3 f5 12. Qd3 Be6 13. g3 Qd7 14. Bg5 N8e7
15. Bg2 O-O 16. h4 Nd5 17. h5 Nge7 18. h6 g6 19. Rfc1 b5 20. a4 a6 21. axb5
axb5 22. Qf3 Qb7 23. Re1 Rxa1 24. Rxa1 Ra8 25. Rxa8+ Qxa8 26. Bf1 Qa3 27. Qd3
Qxc3 28. Qxc3 Nxc3 29. Bxe7 Kf7 30. Bb4 Nd5 31. Bd2 Nb6 32. f3 Nc4 33. Bc1 Bd5
34. Kf2 Ke6 35. Bf4 Kf7 36. Bd3 Ke6 37. g4 Nb6 38. gxf5+ gxf5 39. Bd2 Nc4 40.
Bc3 Nb6 41. Bb4 Nc4 42. Kg3 Ne3 43. Kf4 Ng2+ 44. Kg5 1-0

[Event "?"]
[Site "ICS Rated blitz match, 192.23"]
[Date "1997.??.??"]
[Round "?"]
[White "Brause"]
[Black "Dorobanov"]
[Result "1-0"]
[WhiteElo "2625"]
[BlackElo "2440"]
[PlyCount "57"]

1. e4 e5 2. Nf3 Nc6 3. Nc3 Nf6 4. Nxe5 Nxe5 5. d4 Ng6 6. e5 Ng8 7. Bc4 d5 8.
Bxd5 c6 9. Bf3 Bb4 10. O-O Bxc3 11. bxc3 Be6 12. Bh5 N8e7 13. f4 Qd7 14. Ba3
O-O 15. Bd6 f5 16. Bxg6 hxg6 17. Qd3 Rfe8 18. Rfe1 Kf7 19. c4 Nc8 20. d5 cxd5
21. cxd5 Nxd6 22. dxe6+ Rxe6 23. Red1 Rd8 24. Qb3 b6 25. Rxd6 Qe7 26. Rad1
Rdxd6 27. Rxd6 Qe8 28. Qd5 Qe7 29. Rd7 1-0

[Event "?"]
[Site "ICS Rated blitz match, 192.23"]
[Date "1997.??.??"]
[Round "?"]
[White "Brause"]
[Black "Dorobanov"]
[Result "1/2-1/2"]
[WhiteElo "2635"]
[BlackElo "2435"]
[PlyCount "109"]

1. e4 e5 2. Nf3 Nc6 3. Nc3 Nf6 4. Nxe5 Nxe5 5. d4 Ng6 6. e5 Ng8 7. Bc4 d5 8.
Bxd5 c6 9. Bf3 Bb4 10. O-O Bxc3 11. bxc3 Be6 12. Bh5 Qd7 13. Bxg6 hxg6 14. Bf4
Ne7 15. Re1 O-O 16. Qd3 b5 17. Rec1 Bc4 18. Qd2 Qf5 19. a4 a6 20. Bg5 Nd5 21.
Ra3 Nb6 22. axb5 axb5 23. Rca1 Rxa3 24. Rxa3 Ra8 25. Rxa8+ Nxa8 26. f3 Nb6 27.
Be7 Bd5 28. Qe2 Nc4 29. h4 Qe6 30. Bc5 Qf5 31. Be7 Kh7 32. Kf2 Qf4 33. g3 Qd2
34. Bb4 Qxe2+ 35. Kxe2 Kg8 36. Bc5 f6 37. f4 Kf7 38. Kd3 Ke6 39. Bf8 Kf7 40.
Bc5 Be6 41. Ke2 Bf5 42. Kd1 Ne3+ 43. Ke2 Nxc2 44. Kf3 Ne1+ 45. Ke3 Nd3 46. Ba3
Ne1 47. Bc5 Nc2+ 48. Kf3 Bd3 49. Bd6 f5 50. Bc5 Be4+ 51. Ke2 Ke6 52. Bf8 Kf7
53. Bc5 Ke6 54. Bf8 Kf7 55. Bc5 1/2-1/2

[Event "?"]
[Site "ICS Rated blitz match, 192.23"]
[Date "1997.??.??"]
[Round "?"]
[White "Brause"]
[Black "Dorobanov"]
[Result "0-1"]
[WhiteElo "2625"]
[BlackElo "2440"]
[PlyCount "222"]

1. e4 e5 2. Nf3 Nc6 3. Nc3 Nf6 4. Nxe5 Nxe5 5. d4 Ng6 6. e5 Ng8 7. Bc4 d5 8.
Bxd5 c6 9. Bf3 Bb4 10. O-O Bxc3 11. bxc3 Be6 12. Bh5 Qd7 13. Ba3 N8e7 14. Bd6
O-O 15. Bxg6 hxg6 16. Qd3 b5 17. Rfd1 Rfe8 18. Re1 Bc4 19. Qd2 a6 20. a4 Nf5
21. Bc5 Ne7 22. a5 Nd5 23. f3 Nc7 24. Re4 Bd5 25. Rg4 Qf5 26. Rg5 Qd7 27. Bd6
Be6 28. Re1 Nd5 29. Re2 Bf5 30. Rg3 Qd8 31. Bb4 Nxb4 32. cxb4 Qd5 33. c3 Rad8
34. Qe3 Rd7 35. h3 Qc4 36. Rb2 Qd3 37. Qxd3 Bxd3 38. Kf2 Bc4 39. Ke3 Kh7 40.
Rf2 f6 41. f4 Rf7 42. h4 fxe5 43. fxe5 Rxf2 44. Kxf2 Rf8+ 45. Ke3 Bd5 46. Rg4
Rf1 47. Rg5 Rf5 48. Rxf5 gxf5 49. Kf4 Kg6 50. g3 Be6 51. Ke3 Kh5 52. Kf3 g6 53.
Kf2 Bd5 54. Kg1 Kg4 55. Kf2 g5 56. hxg5 Kxg5 57. Kg1 Kh5 58. Kf1 Kg4 59. Kf2
Bf7 60. Kg2 Be6 61. Kf2 Bd5 62. e6 Bxe6 63. Kg2 Bc4 64. Kf2 Bd5 65. Ke2 Kxg3
66. Kd2 f4 67. c4 Kg2 68. cxd5 cxd5 69. Kd3 f3 70. Ke3 f2 71. Kf4 f1=Q+ 72. Ke5
Qf3 73. Kd6 Qe4 74. Kc5 Kf3 75. Kc6 Qxd4 76. Kd6 Qxb4+ 77. Kxd5 Qxa5 78. Kd4 b4
79. Kc4 Ke2 80. Kb3 Qa3+ 81. Kc4 a5 82. Kd4 a4 83. Ke4 Qc3 84. Kd5 b3 85. Ke6
a3 86. Kf7 b2 87. Kg8 a2 88. Kf7 Kf1 89. Ke6 Kg1 90. Kd6 Kh1 91. Ke6 b1=R 92.
Kf7 a1=R 93. Ke6 Qd4 94. Kf5 Qe3 95. Kf6 Qe4 96. Kf7 Qe5 97. Kg6 Qf4 98. Kh7
Qf5+ 99. Kg7 Kg1 100. Kh6 Qg4 101. Kh7 Qg5 102. Kh8 Kf2 103. Kh7 Ke3 104. Kh8
Kd4 105. Kh7 Ra7+ 106. Kh8 Rh7+ 107. Kxh7 Rb4 108. Kh8 Kc3 109. Kh7 Kb2 110.
Kh8 Ka1 111. Kh7 Rh4# 0-1

[Event "?"]
[Site "ICS Rated blitz match, 192.23"]
[Date "1997.??.??"]
[Round "?"]
[White "Brause"]
[Black "Dorobanov"]
[Result "1-0"]
[WhiteElo "2600"]
[BlackElo "2465"]
[PlyCount "129"]

1. e4 e5 2. Nf3 Nc6 3. Nc3 Nf6 4. Nxe5 Nxe5 5. d4 Ng6 6. e5 Ng8 7. Bc4 d5 8.
Bxd5 c6 9. Bf3 Bb4 10. O-O Bxc3 11. bxc3 Be6 12. Bh5 Qd7 13. Ba3 N8e7 14. Bd6
O-O 15. Bxg6 hxg6 16. Qd3 b5 17. Rfe1 a6 18. a4 Rfd8 19. Bc5 Re8 20. Qe3 Nd5
21. Qg3 Bf5 22. Rec1 Qe6 23. Ra3 Qd7 24. Qg5 Qd8 25. Qd2 Qc7 26. Bd6 Qd7 27.
Re1 Nb6 28. Raa1 Nc4 29. Qf4 Nxd6 30. exd6 Rxe1+ 31. Rxe1 Re8 32. Ra1 Bxc2 33.
axb5 axb5 34. f3 Bb3 35. h3 Bd5 36. Kf1 Rd8 37. Qe3 Qxd6 38. Ra7 Be6 39. Qg5
Qd5 40. Qe7 g5 41. Kg1 Kh7 42. h4 Rd7 43. Rxd7 Bxd7 44. hxg5 Qe6 45. Qc5 Kg6
46. Kh1 Qe3 47. Qd6+ Qe6 48. Qc5 Qe1+ 49. Kh2 Qh4+ 50. Kg1 Qxg5 51. Qd6+ Qf6
52. Qxd7 Qe6 53. Qxe6+ fxe6 54. Kf2 Kf5 55. Ke3 e5 56. g3 g5 57. Kd3 exd4 58.
Kxd4 Ke6 59. Kc5 Kd7 60. f4 gxf4 61. gxf4 Kc7 62. f5 Kd7 63. f6 Ke6 64. f7 Kf6
65. f8=Q+ 1-0

[Event "?"]
[Site "ICS Rated blitz match, 192.23"]
[Date "1997.??.??"]
[Round "?"]
[White "Brause"]
[Black "Bliv"]
[Result "1-0"]
[WhiteElo "2570"]
[BlackElo "1910"]
[PlyCount "25"]

1. e4 e5 2. Nf3 Nf6 3. Nc3 Nc6 4. Nxe5 Nxe5 5. d4 Bb4 6. dxe5 Nxe4 7. Qg4 Bxc3+
8. bxc3 Nxc3 9. Qxg7 Rf8 10. Bg5 f6 11. Bxf6 Rxf6 12. exf6 d5 13. f7+ 1-0

[Event "?"]
[Site "ICS Rated blitz match, 192.23"]
[Date "1997.??.??"]
[Round "?"]
[White "Brause"]
[Black "lhg"]
[Result "0-1"]
[WhiteElo "2585"]
[BlackElo "2385"]
[PlyCount "162"]

1. e4 e5 2. Nf3 Nc6 3. Nc3 Nf6 4. Nxe5 Nxe5 5. d4 Ng6 6. e5 Ng8 7. Bc4 d5 8.
Bxd5 c6 9. Bf3 Bb4 10. O-O Bxc3 11. bxc3 N8e7 12. Bg5 h6 13. Be3 O-O 14. Qd2
Nf5 15. Be4 Be6 16. Qd3 Nfe7 17. c4 Qd7 18. c3 Bf5 19. Qc2 Bxe4 20. Qxe4 Qf5
21. Qxf5 Nxf5 22. Bc1 Rfd8 23. Re1 Nfe7 24. Ba3 Nc8 25. Rab1 Nb6 26. c5 Nc4 27.
Bc1 b6 28. cxb6 axb6 29. Ra1 Ne7 30. Re2 Nd5 31. Rc2 b5 32. Kf1 Ra4 33. Ke2
Rda8 34. Bd2 Na5 35. Rac1 Nc4 36. Ra1 Nxd2 37. Kxd2 Nb6 38. Ke3 Nc4+ 39. Ke4
Ra3 40. g4 Nb6 41. Kd3 Rd8 42. Rb1 Nd5 43. Rb3 Rda8 44. Rxa3 Rxa3 45. Kd2 Kf8
46. h3 Ke7 47. h4 Ke6 48. f3 Nf4 49. Kc1 Kd5 50. g5 h5 51. Kb2 Ra4 52. Rh2 g6
53. Kb3 Ra8 54. Rd2 Ne6 55. Re2 Rc8 56. Kc2 c5 57. dxc5 Kxc5 58. Rd2 Rd8 59.
Rxd8 Nxd8 60. Kb3 Nc6 61. f4 Nd8 62. Kc2 Ne6 63. f5 gxf5 64. Kd2 f4 65. Ke2 Kc4
66. Kd2 Nf8 67. Ke2 Ng6 68. Kf3 Kxc3 69. Ke4 Kb2 70. Kf3 Kxa2 71. Ke4 b4 72. e6
fxe6 73. Kd4 b3 74. Kd3 b2 75. Kd2 b1=Q 76. Ke2 Qb3 77. Kd2 Ka3 78. Ke2 Qe3+
79. Kd1 Qf2 80. Kc1 Qe2 81. Kb1 Qd1# 0-1

[Event "?"]
[Site "ICS Rated blitz match, 192.23"]
[Date "1997.??.??"]
[Round "?"]
[White "Brause"]
[Black "illich"]
[Result "1-0"]
[WhiteElo "2560"]
[BlackElo "2005"]
[PlyCount "71"]

1. e4 e5 2. Nf3 Nc6 3. Nc3 Nf6 4. Nxe5 Nxe5 5. d4 Ng6 6. e5 Ng8 7. Bc4 d5 8.
Bxd5 Bb4 9. Qf3 Be6 10. Bxe6 fxe6 11. Qxb7 Bxc3+ 12. bxc3 N8e7 13. Rb1 O-O 14.
Ba3 Rb8 15. Qxb8 Qxb8 16. Rxb8 Rxb8 17. Kd2 Nd5 18. g3 Nb6 19. Kd3 Kf7 20. Rb1
Ne7 21. Bc5 a6 22. c4 Nd7 23. Rxb8 Nxb8 24. f4 c6 25. Bxe7 Kxe7 26. Ke4 Nd7 27.
d5 cxd5+ 28. cxd5 exd5+ 29. Kxd5 g6 30. c4 Nf8 31. g4 Kd7 32. f5 gxf5 33. gxf5
Ke7 34. c5 Nd7 35. f6+ Kd8 36. c6 1-0